LEADER 01320nam a2200313 a 4500 001 000000125941 003 CaOOAMICUS 005 20110711145831.0 008 110711s2011 vc u000 u ita r 020 $z9788846507440* 040 $aPUL$bita 082 04$a233.05 100 1 $aCiriello, Caterina.$0(OLS)http://pul/name/69057 245 10$aDorothy Day :$ble scelte dell'amore /$cCaterina Ciriello. 260 $aCittà del Vaticano :$bLateran University Press,$c©2011. 300 $a286 p. ;$c19 cm 490 1 $aMane nobiscum ;$v25 504 $aBibliografia in nota. 600 14$aDay, Dorothy,$d1897-1980.$0(OLS)http://pul/subject/18843 650 14$aDottrina sociale della Chiesa$zStati Uniti$ySec. XX.$0(OLS)http://pul/subject/38152 830 0$aMane nobiscum ;$v25.$0(OLS)http://pul/title/119124 850 $aPUL 852 $aPUL$W1$xSL Religione 3$y85$m233. 05 COLL 1.25$j145129$qDDC 21$B144127$CPULBib$Z2$F144127 $H117769 $82 941 1 $a9 996 $6020$z9788846507440*$9(OLS)http://pul/number/147703 996 $6082$a233.05$9(OLS)http://pul/classification/728 996 $6245$aDorothy Day :$ble scelte dell'amore$9(OLS)http://pul/title/158984 996 $6260$aCittà del Vaticano :$bLateran University Press$9(OLS)http://pul/publisher/74585 LEADER 01072nam a2200253 u 4500 001 000000062470 003 CaOOAMICUS 005 20070226121134.0 008 011001s1966 fr u000 u fre u 035 $a10904786 040 $aPUL(R)$bita 100 1 $aLeclercq, Jean,$cO.S.B.,$d1911-1993.$0(OLS)http://pul/name/3420 245 10$aChances de la spiritualité occidentale /$cDom Jean Leclercq. 260 $aParis :$bLes Éditions du Cerf,$c1966. 300 $a382 p. ;$c22 cm 650 4$aSpiritualità cristiana.$0(OLS)http://pul/subject/13929 850 $aPUL 852 $aPUL$W1$xSL Religione 1$y3$m41 F 36$j81221$nBK-PRI$b $qStampati$B81221$CPULBib$Z2$F81221 $H $81 852 $aPUL$W1$xDP1 Fondo Bordoni$y120$m3 K 18$j167518$qFondi$B176296$CPULBib$Z2$F176296 $HBor612 $81 941 1 $a1 941 1 $a8 961 $aINV: 29456 996 $6245$aChances de la spiritualité occidentale$9(OLS)http://pul/title/83347 996 $6260$aParis :$bLes Éditions du Cerf$9(OLS)http://pul/publisher/47861 LEADER 01131nam a2200241 a 4500 001 000000132086 003 CaOOAMICUS 005 20121211114807.0 008 121211s2003 it m 000 0 fre d 040 $aPUG$bita$dPUL 100 1 $aDiouf, Stanislas.$0(OLS)http://pul/name/85062 245 10$aAnthropocentrisme, fondement de la spiritualité negro-africaine :$besquisse d'une nouvelle spiritualité pour l'Afrique /$cDiouf Stanislas. 260 $aRomae :$b[s.n.],$c2003. 300 $aix, 121 p.$c24 cm 502 $aEstratto da Tesi di Dottorato--Pontificia Facultas Theologica Teresianum. Institutum spiritualitatis, 2003. 504 $aBibliografia: pp. [105]-121. 710 2 $aTeresianum.$kTesi.$0(OLS)http://pul/name/6101 850 $aPUL 852 $aPUL$W1$xDP1 Tesi Pon. Fac. Teresianum$y48$m2003 B 8$j143046$qTesi$B151361$CPULBib$Z2$F151361 $82 941 1 $a16 996 $6245$aAnthropocentrisme, fondement de la spiritualité negro-africaine :$besquisse d'une nouvelle spiritualité pour l'Afrique$9(OLS)http://pul/title/166883 996 $6260$aRomae :$b[s.n.]$9(OLS)http://pul/publisher/48223